Normal view
MARC view
- Ericson J. Eduardo and Sarah Jane R. Vergara
Entry Personal Name
001 - CONTROL NUMBER
- control field: 31091
003 - CONTROL NUMBER IDENTIFIER
- control field: OSt
005 - DATE AND TIME OF LATEST TRANSACTION
- control field: 20180912153422.0
008 - FIXED-LENGTH DATA ELEMENTS
- fixed length control field: 180912|| aca||aabn | a|a d
040 ## - CATALOGING SOURCE
- Original cataloging agency: OSt
100 ## - HEADING--PERSONAL NAME
- Personal name: Ericson J. Eduardo and Sarah Jane R. Vergara
